Commonwealth Anti-Corruption Benchmarks (Record no. 121385)

MARC details
000 -LEADER
fixed length control field 00898nam a22002177a 4500
008 - FIXED-LENGTH DATA ELEMENTS--GENERAL INFORMATION
fixed length control field 230301s2021 xxk|||||o|||| 00| 0 eng d
041 ## - LANGUAGE CODE
Language code of text/sound track or separate title eng
245 ## - TITLE STATEMENT
Title Commonwealth Anti-Corruption Benchmarks
Medium [Electronic resource]
260 ## - PUBLICATION INFORMATION
Place of publication London,
Publisher The Commonwealth,
Date April 2021
300 ## - PHYSICAL DESCRIPTION
Physical description 508p
500 ## - GENERAL NOTE
General note Produced by the Commonwealth Secretariat in collaboration with GIACC and RICS.
520 ## - ABSTRACT
Abstract This publication provides 25 benchmarks of good anti-corruption practice for national governments and public sector bodies.
650 ## - KEYWORDS
Keywords ANTI-BRIBERY
650 ## - KEYWORDS
Keywords CORRUPTION
651 ## - SUBJECT ADDED ENTRY--GEOGRAPHIC NAME
Geographic name International
710 ## - ADDED CORPORATE NAME
Added corporate author Royal Institution of Chartered Surveyors
710 ## - ADDED CORPORATE NAME
Added corporate author Global Infrastructure Anti-Corruption Centre
710 ## - ADDED CORPORATE NAME
Added corporate author Commonwealth Secretariat
856 ## - ONLINE RESOURCE
Uniform Resource Identifier <a href="https://thecommonwealth.org/commonwealth-anti-corruption-benchmarks">https://thecommonwealth.org/commonwealth-anti-corruption-benchmarks</a>
Public note Available online
942 ## - ADDED ENTRY ELEMENTS (KOHA)
Suppress in OPAC Do not suppress in OPAC
Holdings
Lost status Damaged status Not for loan Current library Shelving location Date acquired Total Checkouts Full call number Date last seen Price effective from Koha item type
      London RICS Boxes 01/03/2023   RICS 2021/1 01/03/2023 01/03/2023 Book
      Virtual Online 01/03/2023     01/03/2023 01/03/2023 Online material